Guidelines for utilization of skilled volunteers in flood/ (Record no. 232361)

000 -LEADER
fixed length control field 00665nam a22002057a 4500
003 - CONTROL NUMBER IDENTIFIER
control field Nust
005 - DATE AND TIME OF LATEST TRANSACTION
control field 20241210112534.0
008 - FIXED-LENGTH DATA ELEMENTS--GENERAL INFORMATION
fixed length control field 170216b xxu||||| |||| 00| 0 eng d
040 ## - CATALOGING SOURCE
Transcribing agency Nust-MCE
082 ## - DEWEY DECIMAL CLASSIFICATION NUMBER
Classification number 200
100 ## - MAIN ENTRY--PERSONAL NAME
Personal name Engr Mansoor Afzal
9 (RLIN) 50927
245 ## - TITLE STATEMENT
Title Guidelines for utilization of skilled volunteers in flood/
Statement of responsibility, etc. Engr Mansoor Afzal
260 ## - PUBLICATION, DISTRIBUTION, ETC.
Place of publication, distribution, etc. Risalpur,
Name of publisher, distributor, etc. MCE,
Date of publication, distribution, etc. 2014
300 ## - PHYSICAL DESCRIPTION
Extent 71p.
Other physical details 35,cm.
526 ## - STUDY PROGRAM INFORMATION NOTE
Program name MS-Water Resource Engineering
650 ## - SUBJECT ADDED ENTRY--TOPICAL TERM
Topical term or geographic name entry element MS-Water Resource Engineering
General subdivision
9 (RLIN) 127058
700 ## - ADDED ENTRY--PERSONAL NAME
Personal name Supervisor: Lt Col Dr. Hassan Farooq
9 (RLIN) 127057
856 ## - ELECTRONIC LOCATION AND ACCESS
Uniform Resource Identifier <a href=" http://10.250.8.41:8080/xmlui/handle/123456789/41092"> http://10.250.8.41:8080/xmlui/handle/123456789/41092</a>
942 ## - ADDED ENTRY ELEMENTS (KOHA)
Koha item type Soft Copy
Source of classification or shelving scheme
Holdings
Withdrawn status Lost status Source of classification or shelving scheme Damaged status Not for loan Permanent Location Current Location Shelving location Date acquired Total Checkouts Full call number Barcode Date last seen Price effective from Koha item type
          Central Library (CL) Central Library (CL) Thesis 10/02/2020   363.3 CL-T-6395 10/02/2020 10/02/2020 Book
© 2023 Central Library, National University of Sciences and Technology. All Rights Reserved.